000 01486nam0a2200325 4500
001 RU\NLR\b_ik\153974
005 20260410171618.0
035 _a(NLR Aleph) 002226983
090 _a3375881
_c3375881
100 _a20061120d2006 u y0rusy50 ca
101 0 _aeng
_drus
102 _aRU
105 _aa |||||||||
200 1 _aA brief review of ultra-rare alpha decay detection technique
_fYu.S. Tsyganov
210 _aДубна
_cИзд. отд. Объед. ин-та ядер. исслед.
_d2006
215 _a7, [1] c.
_cил.
_d22
225 1 _aСообщения Объединенного института ядерных исследований, Дубна
_vE13-2006-19
300 _aНа 3-й с. обл.: Краткий обзор техники детектирования ультраредких альфа-распадов / Цыганов Ю.С.
300 _aРез. на рус. яз.
320 _aБиблиогр. в конце кн. (10 назв.)
517 0 _aКраткий обзор техники детектирования ультраредких альфа-распадов
606 1 _aАльфа-распад
_xДетектирование
_2nlr-sh2
_3RU\NLR\AUTH\661461970
686 4 _aВ383.21
686 4 _aВ381.5
700 1 _aCyganov
_bJ. S.
_f1956-
_gJurij Sergeevič
_3RU\NLR\AUTH\770292165
_4070
801 0 _aRU
_bNLR
_c20061120
_gPSBO
942 _cBOOK
980 _aNB